| 000 | 01110nam a2200265Ia 4500 | ||
|---|---|---|---|
| 003 | OSt | ||
| 005 | 20221002044602.0 | ||
| 006 | a|||||r|||| 00| 0 | ||
| 007 | ta | ||
| 008 | 220930b |||||||| |||| 00| 0 hin d | ||
| 020 |
_a818668428X (hbk) _c250 |
||
| 024 | _a97288 | ||
| 037 |
_b1922, 09/03/2009, Pioneer Books Distributors _cReference Collections |
||
| 040 |
_aCRL _cCRL _bhin |
||
| 041 |
_2hin _ahin |
||
| 082 | _aV2:19.N5, 152N7(RR) | ||
| 100 | _aविमल प्रसाद | ||
| 245 | 0 | _aभारत की विदेशनीति का उद्रम, आशा प्रसाद अनु0 | |
| 260 |
_aनई _bदिल्ली ग्रंथ शिल्पी _c1997 |
||
| 300 |
_a200पृ0 _ccm. |
||
| 500 | _aभारतीय इतिहास के गौरव ग्रंथ | ||
| 700 | _a आशा प्रसाद, अनु. | ||
| 942 |
_hV2:19.N5, 152N7(RR) _cref _2CC |
||
| 999 |
_c910710 _d910710 |
||